[Event "CZE-ch Open 2019"]
[Site "Ostrava"]
[Date "2019.04.29"]
[Round "3.25"]
[White "Havelka, Ondrej"]
[Black "Vrana, Frantisek"]
[Result "0-1"]
[WhiteElo "2156"]
[BlackElo "2267"]
[Annotator "TA"]
[PlyCount "78"]
[EventDate "2019.04.27"]
[EventType "swiss"]
[EventCountry "CZE"]
[SourceTitle "playchess.com"]
[Source "ChessBase"]
[SourceQuality "1"]

{[%evp 18,78,22,0,53,35,35,26,55,52,58,13,20,9,12,0,8,0,10,-7,4,-6,2,-26,-10,-379,-385,-368,28,33,32,-14,0,-16,0,-32,-9,-76,-84,-716,-718,-711,-694,-714,-677,-622,-279,-342,-249,-235,-246,-362,-361,-341,-339,-859,-859,-849,-840,-2186,-2168,-29997,-501]} 1. d4 (1. c4 c6 2. e4 d5 3. exd5 cxd5 4. d4 Nf6 5. Nc3 e6 6. Nf3 Bb4 7. Bd3 dxc4 8. Bxc4 O-O {½-½ (10) Shirov,A (2749)-Harikrishna,P (2646) Sestao 2010}) 1... Nf6 2. c4 e6 3. Nc3 Bb4 4. e3 O-O 5. Nf3 d5 6. Bd3 c5 7. O-O cxd4 8. exd4 dxc4 9. Bxc4 Nbd7 10. Bg5 Nb6 {E54: Nimzo-Indian: Rubinstein: Main Line: 7...dxc4 8 Bxc4} (10... b6 $11) 11. Bd3 Bd7 12. Ne5 Rc8 {White has an edge.} 13. Qf3 $146 ({Predecessor:} 13. Rc1 Be7 14. Qf3 Bc6 15. Qh3 g6 16. Rcd1 Nbd5 17. Rfe1 Nh5 18. Nxc6 bxc6 {1-0 (41) Dovzhenko,A (1937)-Gorbov,A (2170) Kiev 2009}) 13... Bc6 14. Nxc6 (14. Qh3 {seems wilder.} g6 15. Rad1 Be7 16. Bh6 Re8 17. Rfe1) 14... bxc6 15. Rad1 Nbd5 16. Bb1 Be7 17. Rfe1 Rb8 18. Re2 Re8 19. Qd3 g6 20. Qc4 Qd6 {White must now prevent ...Ng4!} 21. Na4 $2 {[%mdl 8192]} (21. Nxd5 $11 {and White has nothing to worry.} cxd5 22. Qc1) 21... Rb4 $19 22. Qc2 {[#]} Bf8 $2 (22... Ng4 $1 $19 {[%mdl 512]} 23. g3 Bxg5) 23. a3 Rbb8 24. Rc1 Rbc8 25. Nc5 Bg7 26. Qa4 Nf4 $36 {[%mdl 2048] Black is pushing.} 27. Rd2 (27. Bxf4 $11 {remains equal.} Qxf4 28. Rd1) 27... Ng4 $1 $17 {And now ...Ne2+! would win.} 28. Rc3 $2 {[%mdl 8192] [#]} (28. Ne4 $17 Nh3+ 29. gxh3 Qxh2+ {[%mdl 64] Double Attack} 30. Kf1 Qh1+ 31. Ke2 Qxc1 32. Qc2 Qxc2 33. Rxc2) 28... Ne2+ $1 $19 {[%mdl 576] Double Attack} 29. Kf1 (29. Rxe2 Qxh2+) 29... Nxc3 30. bxc3 Qxh2 31. Be4 Qc7 (31... Qh1+ $142 32. Ke2 Qh5) 32. Rb2 e5 {Hoping for ...exd4.} 33. Rb7 {[#]} Qd6 $1 {[%cal Re5d4]} 34. Qb3 (34. Qxa7 {is a better defense.} Ra8 35. Qxa8 Rxa8 36. Be7) 34... Rc7 35. Rb8 Rce7 36. Rb4 $2 (36. Bxe7 Qxb8 37. Qxb8 Rxb8 38. Bd6) 36... Bf6 37. Nb7 Qc7 38. Bd2 exd4 39. Bf3 {[#]} Nh2+ {Accuracy: White = 16%, Black = 39%.} (39... Re1+ $142 $1 {[%mdl 512]} 40. Bxe1 Nh2+ 41. Kg1 Rxe1#) 0-1

[Event "CZE-ch Open 2019"]
[Site "Ostrava"]
[Date "2019.04.29"]
[Round "3.26"]
[White "Vanek, Tomas"]
[Black "Freisler, Pavel"]
[Result "0-1"]
[WhiteElo "2095"]
[BlackElo "2245"]
[Annotator "TA"]
[PlyCount "123"]
[EventDate "2019.04.27"]
[EventType "swiss"]
[EventCountry "CZE"]
[SourceTitle "playchess.com"]
[Source "ChessBase"]
[SourceQuality "1"]

{[%evp 9,123,-8,-15,-17,0,0,7,6,-2,-42,-48,-74,-54,-114,-111,-244,-252,-252,-262,-277,-265,-274,-259,-283,-287,-285,-203,-217,-197,-198,-193,-187,-184,-193,-179,-203,-187,-222,-161,-156,-157,-217,-142,-235,-230,-221,-230,-227,-226,-258,-266,-262,-268,-293,-265,-289,-266,-293,-285,-360,-256,-410,-407,-391,-400,-374,-376,-536,-519,-504,-496,-586,-575,-509,-477,-497,-497,-493,-486,-437,-390,-587,-581,-836,-836,-818,-807,-830,-783,-631,-283,-283,-276,-276,-269,-268,-227,-227,-220,-214,-215,-2045,-2060,-1900,-1783,-2045,-211,-12504,-12504,-10097,-7385,-29964,-7822,-29981,-29982,-29991]} 1. e4 e5 2. Nf3 Nc6 3. Nc3 Nf6 4. Rb1 (4. d4 exd4 5. Nxd4 Bb4 6. Nxc6 bxc6 7. Bd3 d5 8. exd5 O-O 9. O-O cxd5 10. Qf3 c6 11. Bg5 Bd6 12. Rae1 Rb8 13. Nd1 h6 14. Bxf6 Qxf6 15. Qxf6 gxf6 16. b3 Kg7 17. Ne3 Re8 18. Nf5+ Bxf5 19. Bxf5 Re5 20. Bd3 Bb4 21. Re3 Rxe3 22. fxe3 {½-½ (35) Duda,J (2738)-Ding,L (2813) Wijk aan Zee 2019}) 4... Bb4 5. Bd3 O-O 6. O-O {C47: Scotch Four Knights and Four Knights with 4 g3} d5 $146 ({Predecessor:} 6... d6 7. a4 a5 8. Re1 Ne7 9. Bf1 Ng6 10. Na2 Bc5 11. h3 Re8 {0-1 (57) Moiseenko,V (2547)-Panchenko,D (2348) Kolomna 2018}) 7. exd5 Nxd5 8. Be4 {The position is equal.} Nde7 9. Qe2 Bd6 10. Qc4 Be6 11. Qa4 (11. Qe2 $15) 11... h6 $17 12. Re1 {[#]} (12. Nb5 $17 {keeps fighting.}) 12... a6 $1 $19 13. Bxc6 Nxc6 ({Weaker is} 13... bxc6 14. Nxe5 Re8 15. d3 $14) 14. Qh4 Qxh4 15. Nxh4 Nd4 16. Nf3 Nxc2 17. Rd1 Bf5 {Threatens to win with ...Bd3.} 18. d3 Nb4 19. Ne1 Rad8 20. a3 Nc6 21. Be3 Nd4 22. b4 Rfe8 23. h3 b5 24. Kf1 c5 25. g4 (25. Bxd4 $17 exd4 26. Ne2) 25... Bg6 26. Bxd4 (26. Ne4 $17) 26... exd4 27. Ne2 f5 28. bxc5 Bxc5 29. Nf4 Bf7 30. gxf5 Bxa3 31. Nc2 Bd6 32. Ne2 Bc5 33. Ng3 Bd5 34. Re1 Kf7 35. Nb4 $2 {[#]} (35. Rec1 {might work better.}) 35... Bxb4 36. Rxe8 Kxe8 37. Rxb4 {[%mdl 4096] Endgame KRB-KRN} Bc6 38. Nh5 (38. Ke1 $142) 38... Kf7 39. Rb1 a5 40. Rc1 Rd6 41. Ke2 b4 42. Rg1 g6 43. fxg6+ Rxg6 44. Rb1 Bd7 45. Nf4 (45. Kd2 {is the only way for White.}) 45... Rb6 46. Nd5 Rb5 47. Nc7 Rc5 48. Na6 Rc2+ 49. Kf3 Bb5 (49... Rc6 $142 50. Nb8 Rf6+ 51. Ke4 Bxh3) 50. Nxb4 axb4 51. Rxb4 Bxd3 {...Bc4 is the strong threat.} 52. Rxd4 {KRB-KR} Bf5 53. Kg2 Kf6 54. Rd6+ Be6 55. Ra6 $2 (55. Kg3) 55... h5 56. Kg3 Rc4 57. Ra3 Rb4 $2 (57... h4+ 58. Kh2 Rc2) 58. Ra6 $2 (58. f4) 58... h4+ 59. Kg2 Ke5 60. Kh2 Rb2 61. Kg2 Bd5+ 62. Kf1 {Accuracy: White = 35%, Black = 63%.} 0-1

[Event "CZE-ch Open 2019"]
[Site "Ostrava"]
[Date "2019.04.29"]
[Round "3.27"]
[White "Jedlicka, Ales"]
[Black "Taus, Martin"]
[Result "1-0"]
[WhiteElo "2236"]
[BlackElo "2104"]
[Annotator "TA"]
[PlyCount "133"]
[EventDate "2019.04.27"]
[EventType "swiss"]
[EventCountry "CZE"]
[SourceTitle "playchess.com"]
[Source "ChessBase"]
[SourceQuality "1"]

{[%evp 17,133,59,70,68,78,69,76,72,77,46,33,37,44,24,36,0,10,0,20,14,35,33,90,84,91,81,81,87,95,92,100,93,109,101,110,109,109,106,138,130,201,208,181,179,237,243,284,130,121,79,78,77,72,6,6,0,49,50,60,60,60,60,65,64,64,65,65,65,72,51,57,55,72,66,64,64,104,93,304,285,370,370,368,333,293,193,174,94,268,167,1189,1135,1257,985,831,891,709,473,29971,29972,29972,29968,29968,3339,5081,0,29976,29978,29977,29979,29979,29980,29980,29981,29981,29981,29987,29988]} 1. d4 Nf6 2. c4 c5 3. d5 b5 4. cxb5 a6 5. bxa6 Bxa6 6. Nc3 d6 7. Nf3 g6 8. e4 Bxf1 9. Kxf1 Bg7 10. g3 {A59: Benko/Volga Gambit: White castles by hand} Nbd7 (10... O-O 11. Kg2 Na6 12. Qe2 Qb6 13. Rd1 Qb7 14. Rb1 Nd7 15. Bg5 Rfe8 16. a3 Nc7 17. Qc2 Nb6 18. a4 Rac8 19. b3 e6 20. dxe6 Nxe6 {1-0 (27) Jakovenko,D (2714)-Zvjaginsev,V (2673) Moscow 2016}) 11. Kg2 Qb6 12. Re1 {White is better.} Ng4 13. h3 $146 (13. Qe2 {with more complications.} c4 14. Bf4 O-O 15. Reb1 Rfc8 16. a4) ({Predecessor:} 13. Re2 O-O 14. Bf4 Rfb8 15. h3 Nge5 16. Nxe5 Nxe5 17. Bxe5 Bxe5 18. Qc1 Qb4 19. Qe1 Ra7 20. Rc1 Rba8 21. a3 Qb3 {0-1 (54) Alekseev,M (1858)-Jacko,V (2067) Ruzomberok 2017}) 13... Nge5 14. Nxe5 Nxe5 15. Qc2 O-O 16. Re2 Rfb8 17. Rb1 Qb4 18. b3 Qd4 19. Rd2 $36 {[%mdl 2048] White fights for an advantage.} Nf3 (19... Qb4 $14) 20. Kxf3 $16 Qxc3+ 21. Qxc3 Bxc3 22. Rc2 Bg7 23. Be3 Ra3 24. Re1 Rba8 25. Ree2 $1 Kf8 26. g4 Ke8 27. Kg2 Kd7 28. f4 e6 (28... Ba1 $16 29. Kf3 R3a5) 29. dxe6+ $1 $18 fxe6 {[#]} 30. e5 $1 {[%mdl 512]} Bf8 (30... R3a6 $142 31. Red2 c4 32. bxc4 Kc7 33. exd6+ Rxd6) (30... dxe5 31. Bxc5) 31. exd6 Bxd6 32. Kf3 (32. Red2 $18) 32... c4 $16 33. Rxc4 {Threatens to win with Rd2.} Rxa2 34. Rxa2 Rxa2 {[%mdl 4096] Endgame KRB-KRB} 35. Ra4 ({White should try} 35. Bc5 $16 Bxc5 36. Rxc5) 35... Rb2 $11 36. Ra7+ Bc7 37. Rb7 {And now Bd4 would win.} Kc6 38. Rb4 Bd6 39. Rc4+ $1 Kd5 40. Rd4+ Kc6 41. Rd3 Rh2 42. Kg3 Rb2 43. Bd4 Re2 44. Kf3 Rh2 45. Ke4 Re2+ 46. Re3 Rd2 47. Rc3+ Kd7 $2 {[#]} (47... Kb5 $16) 48. Be5 $1 $18 {[%cal Re5d6]} Re2+ {[#]} 49. Re3 $1 {[%cal Re3e2]} Rxe3+ 50. Kxe3 {aiming for Bxd6. KB-KB} Be7 51. Kd4 Kc6 52. Kc4 (52. Ke4 $18) 52... Bh4 $2 (52... Ba3 $16) 53. b4 {[%cal Bb3b4,Bb4b5][%mdl 32]} Bg3 $2 (53... Be7 54. Bd4 Bd6 55. b5+ Kb7) 54. b5+ Kb6 55. Bd4+ Kc7 56. Be3 Kd6 57. Kd4 h5 (57... Bh2 $18 58. b6 Kc6) 58. gxh5 gxh5 59. Ke4 Bh4 60. Bd4 (60. b6 $142 Bf6 61. f5 e5 62. Bd2 Bh4 63. Bc3 Kc6 64. Kxe5 Kxb6 65. f6) 60... Bg3 61. Be3 $2 (61. b6 $18 Be1 62. b7) 61... Bh2 $2 {[%mdl 8192]} (61... Bh4 $11 62. b6 Be7) 62. b6 {White mates.} Bg3 63. b7 Kc7 64. Ke5 Kxb7 65. Kxe6 Kc7 66. f5 Kd8 67. f6 {Accuracy: White = 64%, Black = 21%.} 1-0

[Event "CZE-ch Open 2019"]
[Site "Ostrava"]
[Date "2019.04.29"]
[Round "3.28"]
[White "Otruba, Marek"]
[Black "Babula, Milan"]
[Result "1/2-1/2"]
[WhiteElo "2103"]
[BlackElo "2204"]
[Annotator "TA"]
[PlyCount "60"]
[EventDate "2019.04.27"]
[EventType "swiss"]
[EventCountry "CZE"]
[SourceTitle "playchess.com"]
[Source "ChessBase"]
[SourceQuality "1"]

{[%evp 10,60,25,21,25,27,41,-54,-56,-53,-61,-69,-55,-55,-80,-99,-108,-196,-181,-154,-162,-157,-138,-174,-125,-139,-154,-200,-186,-174,-167,-192,-151,-306,-308,-306,-306,-293,-252,-262,-231,-381,-363,-368,-331,-285,0,0,0,0,0,0,0]} 1. d4 Nf6 2. c4 b6 3. Nf3 Bb7 4. g3 e6 5. Bg2 d5 6. Ne5 Bd6 {E16: Queen's Indian: 4 g3 Bb7 5 Bg2 Bb4+} (6... Nbd7 7. Qa4 Bd6 8. Nc3 O-O 9. Nxd7 Qxd7 10. Qxd7 Nxd7 11. cxd5 Bb4 12. O-O Bxc3 13. dxe6 Bxg2 14. Kxg2 Bxd4 15. exd7 {½-½ (57) Fridman,D (2633)-Moiseenko,V (2501) St Petersburg 2018}) 7. Qa4+ Nfd7 8. Nc3 (8. cxd5 $14 Bxe5 9. dxe5) 8... Bxe5 $15 {Black is slightly better.} 9. dxe5 {[%cal Rc4d5]} Bc6 10. Qc2 $146 {[%cal Rc4d5]} ({Predecessor:} 10. Qd1 dxc4 11. Bxc6 Nxc6 12. f4 Nc5 13. Be3 Qe7 14. Na4 {1-0 (56) Petzelberger,F (1934)-Wendler,D (1857) Stuttgart 2015}) 10... d4 ({Much weaker is} 10... Nxe5 $6 11. cxd5 exd5 12. Bf4 $14) 11. Ne4 Nxe5 {aiming for ...f5.} 12. O-O f5 $36 {[%mdl 2048] Black has strong initiative.} 13. Bg5 (13. f4 $17 Nf7 14. Nf2) 13... Qc8 14. Nf6+ gxf6 15. Bxf6 Bxg2 16. Kxg2 Ng6 17. Bxh8 Nxh8 18. e3 c5 19. exd4 cxd4 20. Rfe1 {[#]} Kf7 $1 21. Qd2 $2 (21. Re2 $17) 21... Qxc4 $19 22. Qh6 Qd5+ 23. Kg1 Ng6 24. Qxh7+ Kf6 {Hoping for ...Nd7.} 25. h4 ({Avoid the trap} 25. Qh6 $2 Nc6 $19) (25. Qg8 {is the only way for White.} d3 26. Rad1) 25... Nd7 {Strongly threatening ...Rh8.} 26. h5 Nge5 {Threatens to win with ...Nf3+.} 27. h6 {[%csl Gh6][%cal Rh7g7] [#]} Nf3+ $2 (27... Nf7 $1 $19 28. Qg7+ Ke7) 28. Kf1 $11 {[%csl Gh6][%cal Rh7g7] The position is equal.} Nh2+ 29. Kg1 {[%csl Gh6][%cal Rh7g7]} Nf3+ {[%mdl 64] Double Attack} 30. Kf1 {[%csl Gh6][%cal Rh7g7]} Nh2+ {Accuracy: White = 42%, Black = 78%.} 1/2-1/2

[Event "CZE-ch Open 2019"]
[Site "Ostrava"]
[Date "2019.04.29"]
[Round "3.29"]
[White "Kanakova, Natalie"]
[Black "Valencik, Jozef"]
[Result "0-1"]
[WhiteElo "2202"]
[BlackElo "2057"]
[Annotator "TA"]
[PlyCount "134"]
[EventDate "2019.04.27"]
[EventType "swiss"]
[EventCountry "CZE"]
[SourceTitle "playchess.com"]
[Source "ChessBase"]
[SourceQuality "1"]

{[%evp 17,134,7,8,25,4,-16,-6,-41,-6,-1,0,-57,-9,-75,-69,-81,-72,-75,-65,-90,-92,-97,-89,-89,-92,-98,-110,-105,-58,-54,-28,-24,-16,-13,-13,-9,-9,-52,-9,-117,-72,-172,-114,-105,-104,-154,-128,-128,-112,-132,-126,-195,-198,-218,-222,-246,-250,-253,-220,-219,-145,-192,-140,-268,-272,-365,-345,-325,-262,-324,-260,-384,-395,-392,-385,-393,-403,-506,-503,-499,-482,-475,-471,-447,-444,-660,-475,-452,-442,-533,-532,-600,-597,-576,-569,-546,-530,-655,-451,-731,-753,-691,-691,-745,-668,-1211,-1220,-1122,-1024,-1499,-1428,-8326,-6066,-29981,-29980,-29980,-29981,-29980,-29981]} 1. c4 e5 2. Nc3 Nf6 3. Nf3 Nc6 4. g3 d5 5. cxd5 Nxd5 6. Bg2 Nb6 7. O-O Be7 8. a3 O-O 9. b4 Re8 10. Rb1 {A29: English Opening: Four Knights Variation with 4 g3} Bf8 11. b5 $146 ({Predecessor:} 11. d3 Bg4 12. h3 Bh5 13. Bg5 f6 14. Be3 Bf7 15. Nd2 Rb8 16. Nb3 Ne7 17. Bc5 Ned5 {1-0 (73) Ding,L (2816)-Yu,Y (2764) Shenzhen 2018}) 11... Nd4 12. e3 {The position is equal.} Nxf3+ 13. Bxf3 Bf5 14. Ne4 ({White should play} 14. Bxb7 $11 Rb8 15. Be4 Bxe4 16. Nxe4) 14... Bh3 15. Bg2 (15. Re1 $11) 15... Bxg2 $17 16. Kxg2 Qd3 17. Nc3 Rad8 18. Rb3 Nc4 19. Kg1 Nxd2 20. Bxd2 Qxd2 21. Qxd2 Rxd2 22. Ne4 Rd7 (22... Rc2 {is more complex.} 23. g4 Rc4 24. f3 Rd8 25. Ra1 h6) 23. g4 Be7 24. Rc3 f6 25. Rfc1 Rc8 26. a4 Kf7 $36 {[%mdl 2048] White is under pressure.} 27. Rc4 g6 28. Nc3 (28. Kg2 $11 {keeps the balance.}) 28... f5 29. e4 (29. gxf5 $17 gxf5 30. Ne2) 29... fxe4 (29... Rd4 $19 30. Nd5 Bd6) 30. Nxe4 Rd4 31. f3 Rxc4 32. Rxc4 {[%mdl 4096] Endgame KRB-KRN} Ke6 33. Rc1 c5 34. bxc6 (34. Kf2 $17) 34... Rxc6 $19 35. Rb1 b6 36. Ra1 Rc2 37. h3 h6 38. Kf1 Bb4 39. Rb1 Bc3 (39... a5 $19 40. Rd1 Ra2) 40. h4 (40. Nxc3 $17 {was necessary.} Rxc3 41. Ke2) 40... Bd4 41. h5 gxh5 42. gxh5 Rh2 {[#] Hoping for ...Rh1+.} 43. Rb4 Rxh5 44. Rc4 (44. Kg2 {is the only way for White.}) 44... Rh2 45. Rc6+ Kd5 46. Rc7 a5 47. Nf6+ Kd6 48. Ne8+ Ke6 49. Ng7+ Kf6 50. Ne8+ Kg5 51. Rf7 (51. Ng7 $142) 51... Rf2+ 52. Ke1 Ra2 53. Nd6 Rxa4 54. Ne4+ Kg6 55. Rf6+ Kg7 56. Rc6 Ra2 57. Nd6 Bc5 58. Nf5+ (58. Ne4 $142) 58... Kf7 59. Nxh6+ Ke7 60. Ng4 Bd4 61. Rh6 a4 {[%cal Ba5a4,Ba4a3][%mdl 32]} 62. Rh7+ Kd6 63. Rh6+ Kd5 64. Rh5 a3 65. Nxe5 Bxe5 {Black mates.} 66. f4 Rb2 67. Rxe5+ Kd4 {Accuracy: White = 31%, Black = 63%.} 0-1

[Event "CZE-ch Open 2019"]
[Site "Ostrava"]
[Date "2019.04.29"]
[Round "3.30"]
[White "Koubova, Anna Marie"]
[Black "Vybiral, Zdenek"]
[Result "1/2-1/2"]
[WhiteElo "2005"]
[BlackElo "2274"]
[Annotator "TA"]
[PlyCount "87"]
[EventDate "2019.04.27"]
[EventType "swiss"]
[EventCountry "CZE"]
[SourceTitle "playchess.com"]
[Source "ChessBase"]
[SourceQuality "1"]

{[%evp 9,87,6,6,11,4,0,20,20,20,20,22,21,19,19,21,26,25,26,35,30,44,45,51,34,42,46,39,47,37,27,35,35,46,27,35,-37,51,32,25,0,6,0,12,6,6,6,21,12,12,7,7,7,37,37,37,37,37,42,35,25,28,0,0,0,0,0,27,11,26,0,55,6,39,13,6,7,60,60,69,60]} 1. d4 e6 2. c4 f5 3. Nf3 Nf6 4. Nc3 Bb4 5. Qc2 b6 6. e3 {A85: Dutch Defence: 2 c4 Nf6 3 Nc3} Bb7 7. Be2 O-O 8. O-O {The position is equal.} Bxc3 9. Qxc3 d6 10. b3 Nbd7 11. Bb2 Qe7 12. Rac1 $146 ({Predecessor:} 12. Rfd1 c5 13. dxc5 Nxc5 {1-0 (43) Danner,G (2440)-Clemens,C (2331) Condino 2009}) 12... Ne4 13. Qc2 c5 14. Ne1 Rac8 15. f3 Nef6 16. Bd3 Rce8 17. Rf2 Qf7 18. Rd1 Qh5 19. Be2 Qh6 20. Bc1 Qg6 21. Nd3 e5 22. Bb2 ({Better is} 22. Rff1 $14) 22... e4 (22... f4 $15 23. exf4 exd4) 23. Nf4 $14 Qh6 24. d5 Rf7 25. Ne6 Nf8 26. Bxf6 Rxf6 27. Nxf8 $1 Kxf8 (27... Rexf8 {with more complications.} 28. f4 R6f7 29. a3 Bc8 30. Rff1 Rc7) 28. f4 Bc8 29. a3 Rf7 30. b4 Rb7 31. Rb1 Ree7 32. Qc3 Kf7 33. Bf1 Qf6 34. Qxf6+ Kxf6 35. h3 h6 36. Be2 Rec7 37. b5 g6 38. a4 {[%cal Ba3a4,Ba4a5,Ba5a6][%mdl 32]} Rg7 39. Kh2 Rbf7 ({Black should play} 39... h5 $11) 40. g3 Rf8 41. Rg1 Bd7 {[#]} 42. a5 $1 {[%mdl 512]} Rgg8 (42... bxa5 $11 43. Ra1 Rb8) 43. Ra1 Ra8 44. a6 {Accuracy: White = 55%, Black = 50%.} 1/2-1/2

[Event "CZE-ch Open 2019"]
[Site "Ostrava"]
[Date "2019.04.29"]
[Round "3.31"]
[White "Bulockin, Martin"]
[Black "Holy, Filip"]
[Result "1/2-1/2"]
[WhiteElo "2199"]
[BlackElo "2096"]
[Annotator "TA"]
[PlyCount "64"]
[EventDate "2019.04.27"]
[EventType "swiss"]
[EventCountry "CZE"]
[SourceTitle "playchess.com"]
[Source "ChessBase"]
[SourceQuality "1"]

{[%evp 9,64,8,8,0,36,32,34,36,35,36,32,31,25,31,305,296,297,261,244,99,107,89,91,-58,-44,-55,-58,-107,-108,-96,-15,-14,-12,-14,-13,-14,-15,-15,-20,-20,-4,-105,-103,-205,-136,-156,-152,-346,-331,-300,-142,-148,-143,-156,-154,-152,-146]} 1. d4 d5 2. Bf4 Nf6 3. e3 c5 4. c3 Qb6 5. Qb3 c4 6. Qc2 {D00: 1 d4 d5: Unusual lines} Nc6 7. Nd2 Bg4 (7... Nh5 8. Bg5 h6 9. Bh4 g5 10. Be2 Ng7 11. Bg3 Bf5 12. Qc1 e6 {1-0 (41) Carlsen,M (2832)-So,W (2812) Leuven 2017}) 8. b3 {White is slightly better.} cxb3 $1 9. axb3 Rc8 10. Qb2 Bf5 $146 ({Predecessor:} 10... a5 11. Bd3 e6 12. h3 Bh5 {1-0 (41) Ragger,M (2659)-Kvisvik,B (2296) Antalya 2017}) 11. Ngf3 Nb4 $2 {[%mdl 8192] [#]} (11... Nh5 $14) 12. cxb4 $18 Rc2 13. Qa3 e5 14. Nxe5 ({Don't play} 14. Bxe5 $6 Bxb4 15. Qa4+ (15. Qxa7 Rc1+ {[%mdl 64] Deflection} 16. Rxc1 Qxa7 $11) 15... Bd7) (14. dxe5 $18 {is the precise move to win.} Bxb4 15. Qxa7 Rc1+ 16. Rxc1 Qxa7 17. exf6) 14... Bxb4 $16 15. Qa4+ Ke7 16. Bb5 ({Better is} 16. Rd1 $16 {And now Bd3 would win.} Ne4 17. Bd3 Rxd2 18. Rxd2 Bxd2+ 19. Kf1) 16... Bxd2+ $15 17. Kf1 Bc3 $36 {[%mdl 2048] Black is pushing.} 18. Rd1 {[#]} Ne4 $1 {[%cal Re4f2]} 19. f3 Nd6 (19... Nd2+ $17 20. Kg1 Qa5) 20. Bd3 $11 Bxd3+ 21. Nxd3 {Black must now prevent b4.} Rc8 22. b4 Bb2 $1 23. Bxd6+ ({Reject} 23. Rb1 Nc4 $17) 23... Qxd6 24. Nc5 $1 Rc4 25. Rb1 (25. Qxa7 $11 Rxb4 26. Qa2) 25... Bc3 $17 26. Ke2 (26. Qxa7 $17 {might work better.} Rc7 27. Nd3) 26... b6 27. Nd3 a5 {[%cal Rc3b4]} 28. g3 $2 (28. Rhc1 $17) 28... Bxb4 $1 $19 29. Nxb4 Rxb4 (29... axb4 $19 {and Black stays clearly on top.} 30. Rb2 Qh6) 30. Rxb4 $17 {Black is clearly better.} Qxb4 31. Qxb4+ axb4 32. Rb1 Rc2+ {Accuracy: White = 25%, Black = 52%.} 1/2-1/2

[Event "CZE-ch Open 2019"]
[Site "Ostrava"]
[Date "2019.04.29"]
[Round "3.32"]
[White "Kolar, Stanislav"]
[Black "Bartos, Jan"]
[Result "1/2-1/2"]
[WhiteElo "2091"]
[BlackElo "2178"]
[Annotator "TA"]
[PlyCount "128"]
[EventDate "2019.04.27"]
[EventType "swiss"]
[EventCountry "CZE"]
[SourceTitle "playchess.com"]
[Source "ChessBase"]
[SourceQuality "1"]

{[%evp 13,128,0,0,0,0,-20,0,-8,0,0,0,0,0,-20,-20,-25,-25,-33,-2,-14,-15,-14,-10,-29,-12,-27,-6,-38,-30,-37,-15,-19,7,-8,0,0,0,-27,0,0,40,46,123,124,362,340,348,347,368,358,363,344,322,227,281,207,257,257,249,241,250,222,208,233,260,253,274,208,208,208,208,208,207,207,207,207,207,207,207,207,207,207,207,207,200,145,208,207,207,207,207,207,197,196,207,207,208,194,210,0,206,200,206,145,255,255,255,244,258,191,189,0,13,0,0,0,0]} 1. e4 e6 2. c4 d5 3. cxd5 exd5 4. exd5 Nf6 5. Bb5+ Nbd7 6. Nc3 Be7 7. Nf3 O-O 8. O-O {C00: French: Unusual White 2nd moves} Nb6 9. h3 Nbxd5 10. d4 h6 (10... Bf5 11. Re1 Bb4 12. Bd2 c6 13. Bc4 Bxc3 14. bxc3 Ne4 15. Rc1 Qf6 {1-0 (36) Vachier Lagrave,M (2789)-Caruana,F (2804) Paris 2016}) 11. a3 $146 ({Predecessor:} 11. Re1 Bf5 12. Qb3 Nb4 13. Re2 Be6 14. Bc4 Bxc4 15. Qxc4 c6 {½-½ (48) Torok,T (2139)-Karacsonyi,G (2055) Budapest 2015}) 11... Bf5 12. Re1 c6 13. Bd3 Bxd3 14. Qxd3 Bd6 15. Bd2 Bf4 16. g3 Bxd2 17. Qxd2 Qd6 18. Ne5 Rad8 19. Rad1 Nc7 20. b4 Ne6 {[%cal Rd6d4]} 21. Nf3 Rfe8 22. Re5 b6 23. Qe2 Nd7 24. Re3 Nf6 25. b5 Nd5 26. Nxd5 cxd5 27. Ne5 Nc7 (27... Ng5 $14) 28. Rc1 $1 $16 Re6 $2 (28... Ne6 $16) 29. Rc6 $18 Qe7 30. Rxe6 Nxe6 31. Nc6 $1 {[%csl LRd8,LRe7][%mdl 64] Double Attack} Qd6 32. Nxd8 Qxd8 {[%mdl 4096] Endgame KQR-KQN} 33. f4 Qf6 34. Re5 Nxd4 {[#]} 35. Qd3 $1 {[%cal Re5e8]} Ne6 36. Qxd5 Qg6 37. Qa8+ Nf8 38. Kh2 Qd3 39. h4 Qxa3 40. Re8 Qc5 41. Qe4 ({Inferior is} 41. Qxa7 Qf2+ 42. Kh3 Qf1+ 43. Kh2 Qf2+ 44. Kh3 Qf1+ 45. Kh2 Qf2+ $11) 41... g6 42. Ra8 h5 43. Rxa7 Qxb5 44. Ra8 Qc5 45. Rb8 Qf2+ 46. Qg2 Qd4 47. Qa2 Kg7 {[#] intending ...Nd7.} 48. Ra8 $1 Kg8 49. Qe2 Qc5 (49... b5 $16 {might work better.} 50. Ra5 Nh7) 50. Re8 Qd4 51. Re4 Qc5 52. Rc4 Qd5 53. Rc8 {And now Qe7 would win.} Qd4 54. Qc2 Qd7 55. Rc7 Qd4 56. Rc8 Qd7 $1 57. Rb8 Qd4 58. f5 g5 (58... Qe5 $16 59. Rxb6 gxf5) 59. hxg5 h4 60. Rc8 hxg3+ 61. Kh3 g2 62. Qxg2 $2 ({Only move:} 62. Kxg2 $18 {Strongly threatening Kf3.} Qf4 63. Rc3) 62... Qd3+ {The position is equal.} 63. Kg4 {Threatens to win with g6!} Qd4+ 64. Kh5 {aiming for g6.} Qh8+ {Accuracy: White = 60%, Black = 42%.} 1/2-1/2